书目信息 |
| 题名: |
.NET开发人员调试策略
|
|
| 作者: | 狄龙, 著 ;张楚雄 , 刘剑 译 | |
| 分册: | ||
| 出版信息: | 北京 清华大学出版社 2004.03 |
|
| 页数: | 185页 | |
| 开本: | 26cm | |
| 丛书名: | ||
| 单 册: | ||
| 中图分类: | TP393.09 | |
| 科图分类: | ||
| 主题词: | 计算机网络--ji suan ji wang luo--应用程序--程序设计 | |
| 电子资源: | ||
| ISBN: | 7-302-08071-2 | |
| 000 | 01171nam0 2200301 450 | |
| 001 | 0162998203 | |
| 005 | 20050628094541.33 | |
| 010 | @a7-302-08071-2@dCNY28.00 | |
| 100 | @a20041113d2004 km y0chiy0120 ea | |
| 101 | 1 | @achi@ceng |
| 102 | @aCN@b110000 | |
| 105 | @aa z 000yy | |
| 200 | 1 | @a.NET开发人员调试策略@A.NET kai fa ren yuan diao shi ce lue@f(美) Darin Dillon著@F(mei)Darin Dillon zhu@g张楚雄, 刘剑译@Gzhang chu xiong,liu jian yi |
| 210 | @a北京@c清华大学出版社@d2004.03 | |
| 215 | @a185页@c图@d26cm | |
| 305 | @a据Apress L. P. 2003年英文版译出 | |
| 306 | @a由Apress出版公司授权清华大学出版社出版 | |
| 312 | @a英文题名取自封面。 | |
| 314 | @a责任者 (Dillon) 规范汉译姓: 狄龙 | |
| 330 | @a本书通过大量的实例介绍了一些根除Bug的方法,并介绍了如何利用VS.NET调试器在远程客户站点或本机上进行调试。 | |
| 513 | @aDebugging strategies for .NET developers@eeng | |
| 606 | 0 | @a计算机网络@Aji suan ji wang luo@x应用程序@x程序设计 |
| 690 | @aTP393.09@v4 | |
| 701 | 1 | @a狄龙,@Adi long,@bD.@g(Dillon, Darin)@4著 |
| 702 | 0 | @a张楚雄@Azhang chu xiong@4译 |
| 702 | 0 | @a刘剑@Aliu jian@4译 |
| 801 | 0 | @aCN@bRULIN@c20050628 |
| 905 | @a10447@dTP393.09@eD359 | |
| .NET开发人员调试策略/(美) Darin Dillon著/张楚雄, 刘剑译.-北京:清华大学出版社,2004.03 |
| 185页:图;26cm |
| ←附加题名页题名:Debugging strategies for .NET developers:eng |
| ISBN 7-302-08071-2:CNY28.00 |
| 本书通过大量的实例介绍了一些根除Bug的方法,并介绍了如何利用VS.NET调试器在远程客户站点或本机上进行调试。 |
| ● |
| 相关链接 |
|
|
|
正题名:.NET开发人员调试策略
索取号:TP393.09/D359
 
预约/预借
| 序号 | 登录号 | 条形码 | 馆藏地/架位号 | 状态 | 备注 |
| 1 | 521855 | 205218557 | 自科库301/301自科库 123排2列6层/ [索取号:TP393.09/D359] | 在馆 | |
| 2 | 521856 | 205218566 | 自科二线404/404自科库 11排6列3层/ [索取号:TP393.09/D359] | 在馆 | |
| 3 | 521857 | 205218575 | 自科库301/301自科库 123排2列6层/ [索取号:TP393.09/D359] | 在馆 |